000 00593nam a2200205 i 4500
001 63865
003 ES-MaACL
005 20250730063110.0
007 t|
008 031217s1981 sp ||||1| gao d
080 _a821.134.4-92"19"
100 1 _aFilgueira Valverde, José,
_d1906-1996
_950833
245 1 0 _aSegundo Adral /
_cXosé Filgueira Valverde.
260 _a[Sada (A Coruña) :
_bEdiciones do Castro,
_c1981]
300 _a458 p. :
_bil. ;
_c19 cm.
490 1 _aEnsaio
830 0 _aEnsaio
_9179268
852 _aES-MaACL
_jL-2152
_bR.102744
999 _c63865
_d63865